| 000 | 00518nam a2200169 a 4500 | ||
|---|---|---|---|
| 005 | 20140414132111.0 | ||
| 008 | 110513s19uu xx 00 eng d | ||
| 020 | _a0439050219 | ||
| 050 |
_aTR _bR13 2000 |
||
| 100 | _aShannon, David, 1959- | ||
| 245 |
_aThe rain came down / _cDavid Shannon. |
||
| 260 |
_aNew York : _bScholastic , _cc2000. |
||
| 520 | _aAn unexpected rain shower causes quarreling among the members of a small community. | ||
| 650 | _aRain and rainfall | ||
| 650 | _aQuarreling | ||
| 999 |
_c114759 _d114759 |
||